Los problemas del derecho indígena en México / (Record no. 43479)

MARC details
000 -LEADER
fixed length control field 00649nam a22001697a 4500
008 - FIXED-LENGTH DATA ELEMENTS--GENERAL INFORMATION
fixed length control field 131018t mx||||| |||| 00| 0 spa d
020 ## - INTERNATIONAL STANDARD BOOK NUMBER
International Standard Book Number 9786077888222
050 04 - LIBRARY OF CONGRESS CALL NUMBER
Classification number KGF2202.P9
Item number C67 2009
110 1# - MAIN ENTRY--CORPORATE NAME
Corporate name or jurisdiction name as entry element México. Comisión Nacional de los Derechos Humanos
245 14 - TITLE STATEMENT
Title Los problemas del derecho indígena en México /
Statement of responsibility, etc José Ramón Cossío Díaz, Comosión Nacional de los Derechos Humanos
250 ## - EDITION STATEMENT
Edition statement 2a ed.
260 ## - PUBLICATION, DISTRIBUTION, ETC. (IMPRINT)
Place of publication, distribution, etc México :
Name of publisher, distributor, etc Comisión Nacional de los Derechos Humanos,
Date of publication, distribution, etc 2009
300 ## - PHYSICAL DESCRIPTION
Extent 213 p. ;
Dimensions 22 cm.
650 #7 - SUBJECT ADDED ENTRY--TOPICAL TERM
Source of heading or term Lemb
Topical term or geographic name as entry element Indígenas de México
710 1# - ADDED ENTRY--CORPORATE NAME
Corporate name or jurisdiction name as entry element México. Comisión Nacional de los Derechos Humanos
942 ## - ADDED ENTRY ELEMENTS (KOHA)
Source of classification or shelving scheme Clasificación Decimal Dewey
Koha item type Libro
Holdings
Estado de pérdida Fuente de clasificación Estado del daño No para préstamo Ubicación permanente Ubicación actual Apartado o colección Fecha de adquisición Fuente de adquisición Edición Área del conocimiento Clasificación Código de Barras Date last seen Número de copia Costo por reposición Tipo de recurso
  Biblioteca del Cogreso de los Estados Unidos     Biblioteca de la Facultad de Derecho y Ciencias Sociales "Felipe J. Tena" Biblioteca de la Facultad de Derecho y Ciencias Sociales "Felipe J. Tena" General 18/10/2013   2a ed. Ciencias Sociales y Administrativas KGF2202.P9 C67 2009 BFD000003969 18/10/2013 1 1.00 Libro